000
00231nam a2200097Ia 4500
003
GCL
008
140319s9999 xx 000 0 ara d
040
_a
GCL /
_c
GCL
082
0
4
_a
EN(VAL)) = val}
245
1
0
_a
LEFT(ARB_APPR,LEN(VAL)) = val}
999
_c
25757
_d
25757